Sports Quiz

Random Sports or NBA Quiz

Sneaker Endorsements in the NBA Quiz Stats

 Plays Quiz not verified by Sporcle

Score 0/13 Timer 04:00
0 Plays Today
# of endorsements (approx.) Sneaker Brand % Correct
250+Nike
99.8%
70Adidas
96.9%
10Under Armour
92.9%
40Jordan Brand
85.5%
5Reebok
53%
5Li-Ning
40.8%
4Anta
35.8%
3And1
27.4%
10Peak
26%
1Brandblack
17.5%
1361 Degrees
14.5%
2Spalding
11.8%
1Qiaodan
2%

You're not logged in!

Compare scores with friends on all Sporcle quizzes.
OR
Log In

Sporcle TV

Today on Sporcle TV


Watch our educational content, quiz creation guides, and fun videos on Sporcle TV.

Show Comments

Extras

Top Quizzes Today


Score Distribution

Your Account Isn't Verified!

In order to create a playlist on Sporcle, you need to verify the email address you used during registration. Go to your Sporcle Settings to finish the process.

Report this User

Report this user for behavior that violates our Community Guidelines.

Details: